Světové standardy projektového řízení pro malé a střední firmy

Gespeichert in:
Bibliographische Detailangaben
1. Verfasser: Máchal, Pavel
Weitere Verfasser: Kopečková, Martina, Presová, Radmila
Format: Buch
Sprache:Tschechisch
Veröffentlicht: Praha GRADA 2015
Schriftenreihe:Manažer
Schlagworte:
Tags: Tag hinzufügen
Keine Tags, Fügen Sie das erste Tag hinzu!

MARC

LEADER 00000nam a2200000 4500
001 0204605
005 20240313090506.4
020 |a 978-80-247-5321-8 
041 0 |a cze 
044 |a CZ 
245 1 0 |a Světové standardy projektového řízení  |b pro malé a střední firmy  |c Pavel Máchal, Martina Kopečková, Radmila Presová 
264 1 |a Praha  |b GRADA  |c 2015 
300 |a 138 s. 
490 1 |a Manažer 
830 0 |a Manažer 
610 2 0 |a riadenie projektové 
610 2 0 |a štandardy medzinárodné 
610 2 0 |a projektovanie 
610 2 0 |a projekty 
610 2 0 |a podnik malý 
610 2 0 |a podnik stredný 
610 2 0 |a plánovanie 
610 2 0 |a náklady 
610 2 0 |a rozpočty 
610 2 0 |a plán finančný 
610 2 0 |a riadenie ľudských zdrojov 
610 2 0 |a matice 
610 2 0 |a analýza swot 
610 2 0 |a riadenie rizík 
610 2 0 |a IPMA 
610 2 0 |a PMI 
610 2 0 |a PRINCE2 
100 1 |a Máchal, Pavel 
700 1 |a Kopečková, Martina 
700 1 |a Presová, Radmila